00226nam a2200097Ia 4500008004100000041000800041082001000049100001900059245002400078260002600102231212s1977 xx 000 0 und d aeng a625.8 aGriffin Harold aSoviet Forntiers of aMascowbMir Pubc1977